000
00242nam a2200109 a 4500
008
101208s1972|||| d
245
1
0
_a
Umenie orientu
260
_c
1972
_b
Pallas
_a
Bratislava
020
_c
95
041
_a
slo
044
_a
xo
_c
SK
999
_c
14945
_d
14945